000 01349nam a22002537a 4500
005 20170124102951.0
010 _aA-423877
020 _c100.00
035 _aA-423877
037 _bCen Lib/Ret
040 _aDPL
_bHN
082 _a821.08
_bनारंग
100 _aनारंग, गोपी चाँद
_951661
245 _aअमीर खुसरो का हिन्दवी काव्य :
_cगोपी चाँद नारंग
_bशिप्रंगर संग्रह की बर्लिन प्रति सहित /
246 _aAmeer Khusro ka Hindvi kavya : shiprangar sangreh ki barlin prati sahit /
_bby Gopi Chand Narang
260 _aशिकागो
_bअमीर खुसर सोसिर्टी ऑफ़ अमेरिका
_c1990
270 _aफिने आर्ट्स भिल्डिंग, 410 एस. मिशिगन एव, सुईठे 739
_bशिकागो
_e60605-1401
300 _a148पृ.
_c21सेमी(सजिल्द)
650 _aहिंदी साहित्य
_951662
650 _aहिंदी साहित्य -- हिंदी कविता
_951663
650 _aHindi literature
_951664
650 _aHindi literature -- Hindi poetry
_951665
942 _2ddc
_cHN
_h821.08
_mनारंग
999 _c113314
_d113314